<?xml version="1.0" encoding="UTF-8"?>
<record
    xmlns:xsi="http://www.w3.org/2001/XMLSchema-instance"
    xsi:schemaLocation="http://www.loc.gov/MARC21/slim http://www.loc.gov/standards/marcxml/schema/MARC21slim.xsd"
    xmlns="http://www.loc.gov/MARC21/slim">

  <leader>00872nam a22002297a 4500</leader>
  <controlfield tag="003">OSt</controlfield>
  <controlfield tag="005">20240708113422.0</controlfield>
  <controlfield tag="008">240708b           ||||| |||| 00| 0 eng d</controlfield>
  <datafield tag="022" ind1=" " ind2=" ">
    <subfield code="a">09703365</subfield>
  </datafield>
  <datafield tag="040" ind1=" " ind2=" ">
    <subfield code="c">AIMIT LIBRARY</subfield>
  </datafield>
  <datafield tag="082" ind1=" " ind2=" ">
    <subfield code="a">658</subfield>
    <subfield code="b">UDYP</subfield>
  </datafield>
  <datafield tag="110" ind1=" " ind2=" ">
    <subfield code="a">National Institute of Industrial Engineering</subfield>
    <subfield code="9">172841</subfield>
  </datafield>
  <datafield tag="245" ind1=" " ind2=" ">
    <subfield code="a">Udyog Pragati :journal for practising managers /</subfield>
    <subfield code="c">By National of Industrial Engineering</subfield>
  </datafield>
  <datafield tag="260" ind1=" " ind2=" ">
    <subfield code="a">Mumbai :</subfield>
    <subfield code="b">Alco Corporation ,</subfield>
    <subfield code="c">2013,2014.</subfield>
  </datafield>
  <datafield tag="300" ind1=" " ind2=" ">
    <subfield code="b">HB</subfield>
    <subfield code="c">26 cm.</subfield>
  </datafield>
  <datafield tag="440" ind1=" " ind2=" ">
    <subfield code="a">Udyog Pragati: journal for practising managers</subfield>
    <subfield code="v">Vol.36 No.4/2012,Vol.37 No.1-3/2013</subfield>
    <subfield code="9">172842</subfield>
  </datafield>
  <datafield tag="440" ind1=" " ind2=" ">
    <subfield code="v">Vol.37 No.4/2013,Vol.38 No.1-3/2014</subfield>
  </datafield>
  <datafield tag="650" ind1=" " ind2=" ">
    <subfield code="a">International competitiveness </subfield>
    <subfield code="9">172843</subfield>
  </datafield>
  <datafield tag="650" ind1=" " ind2=" ">
    <subfield code="a">Management of technology and innovation </subfield>
    <subfield code="9">172844</subfield>
  </datafield>
  <datafield tag="650" ind1=" " ind2=" ">
    <subfield code="a">Mobile telephony adoption in rural India</subfield>
    <subfield code="9">172845</subfield>
  </datafield>
  <datafield tag="942" ind1=" " ind2=" ">
    <subfield code="2">ddc</subfield>
    <subfield code="c">BV</subfield>
    <subfield code="k">658 UDYP</subfield>
  </datafield>
  <datafield tag="999" ind1=" " ind2=" ">
    <subfield code="c">231409</subfield>
    <subfield code="d">231409</subfield>
  </datafield>
  <datafield tag="952" ind1=" " ind2=" ">
    <subfield code="0">0</subfield>
    <subfield code="1">0</subfield>
    <subfield code="2">ddc</subfield>
    <subfield code="4">0</subfield>
    <subfield code="7">0</subfield>
    <subfield code="8">MBA</subfield>
    <subfield code="a">AIMIT</subfield>
    <subfield code="b">AIMIT</subfield>
    <subfield code="c">BV</subfield>
    <subfield code="d">2024-07-08</subfield>
    <subfield code="h">Vol.36 No.4/2012/Vol.37 No.1-3/2013</subfield>
    <subfield code="l">0</subfield>
    <subfield code="o">658 UDYP</subfield>
    <subfield code="p">BVM763</subfield>
    <subfield code="r">2024-07-08 00:00:00</subfield>
    <subfield code="w">2024-07-08</subfield>
    <subfield code="y">BV</subfield>
  </datafield>
  <datafield tag="952" ind1=" " ind2=" ">
    <subfield code="0">0</subfield>
    <subfield code="1">0</subfield>
    <subfield code="2">ddc</subfield>
    <subfield code="4">0</subfield>
    <subfield code="7">0</subfield>
    <subfield code="8">MBA</subfield>
    <subfield code="a">AIMIT</subfield>
    <subfield code="b">AIMIT</subfield>
    <subfield code="c">BV</subfield>
    <subfield code="d">2024-07-08</subfield>
    <subfield code="h">Vol.37 No.4/2013/Vol.32 No.1-3/2014</subfield>
    <subfield code="l">0</subfield>
    <subfield code="o">658 UDYP</subfield>
    <subfield code="p">BVM984</subfield>
    <subfield code="r">2024-07-08 00:00:00</subfield>
    <subfield code="w">2024-07-08</subfield>
    <subfield code="y">BV</subfield>
  </datafield>
</record>
